membres de l'Akatsuki - Statistiques

Statistiques générales
  • Ce quiz a été pris 1 061 fois
  • Le résultat moyen est 14 sur 17
Statistiques - réponses
aide Membres de l'Akatsuki % Correct
Clan Uchiwa Itachi
99%
fan d'art Deidara
94%
Marionnetiste Sasori
93%
Créateur de l'akastuki Pain
92%
possede Sameada Kisame
91%
Co-createur de l'akatsuki Konan
91%
Clan Uchiwa Sasuke
89%
Immortel Hidan
86%
Créateur de l'akatsuki Nagato
85%
Nouveau Membre Tobi
84%
possedant 5 coeurs Kakuzu
81%
Ancien membre Orochimaru
81%
membre de Taka Karin
74%
membre de Taka Suigetsu
67%
créer par Madara Zetsu noir
67%
membre de Taka Jugo
66%
créer par Madara Zetsu blanc
66%
Aucun quiz correspondant
Distribution des résultats
% des personnes avec chaque résultat
Percentile par nombre de réponses
Votre historique - résultats
Vous n’avez pas pris ce quiz